000 00647nam a2200205Ii 4500
003 JO-AjNU
008 230605s9999||||xx |||||||||||||| ||und||
040 _aJO-AjNU
_bara
_erda
_cJO-AjNU
041 _aara
050 1 4 _aDS10.M2 1977
100 3 _aتاليف رمزي، محمود,
_eauthor
_937684
245 0 0 _aمحاضرات في جغرافية اسيا
250 _a(د.ط)
264 3 1 _aالدوحة: دار الفكر، 1977
300 _a238ص
_bخرائط توضيحية
336 _atext
_btxt
_2rdacontent
337 _aunmediated
_bn
_2rdamedia
338 _avolume
_bnc
_2rdacarrier
650 4 _aاسيا- جغرافية
_937685
999 _aA15768
_c19336
_d19336